| 000 | 00356nam a2200145Ia 4500 | ||
|---|---|---|---|
| 008 | 230312s9999||||xx |||||||||||||| ||und|| | ||
| 082 |
_a331.2101 _bMIL |
||
| 100 | _aMilkovich, George T | ||
| 245 | 0 | _aCompensation | |
| 260 |
_bIrwin _aLondon _c2000 |
||
| 300 | _a170 | ||
| 546 | _aEng. | ||
| 650 |
_aEconomics _vCompensation in company society |
||
| 942 | _cBK | ||
| 999 |
_c2618 _d2618 |
||